000 00705nam a22002057a 4500
999 _c185932
_d185932
005 20220211104328.0
010 _aENG-131523
020 _a9789381208960
_c500.00
035 _aEN-115055
037 _bDBAD
082 _a658.5038
245 _aLeveraging Best Practices in Organisation:
_cEdited by Nirmala Mohan, T. Shirley Devakirubai, N. Sorna Kumari
_bCreating Business Value/
260 _aChennai
_bG.K. Publisher
_c2018
270 _a# 16, M.R.M. Road, C.A.R. Complex, West Tambaram
_bChennai
_e600045
300 _aviii, 206p.
_c24cm(pbk)
700 _aMohan, Nirmala
700 _aDevakirubai, T. Shirley
700 _aKumari, N. Sorna
942 _2ddc
_cEN
_h658.5038
_mLEV